Women in Glasses II Quiz Stats

 Plays Quiz Updated May 23, 2016

Also try: Women in Glasses
Challenge
Share
Tweet
Score 0/20 Timer 05:00
0 Plays Today
% Correct
Hillary Clinton
93.9%
Tina Fey
89.6%
Marilyn Monroe
89.1%
Meryl Streep
88.3%
Jamie Lee Curtis
83.1%
Anne Hathaway
78.8%
Sandra Bullock
73.1%
Zooey Deschanel
73%
Jennifer Garner
72.8%
Nicole Kidman
68.8%
% Correct
Diane Keaton
64.6%
Cate Blanchett
59.4%
Lindsay Lohan
57.9%
Sophia Loren
54%
Anna Faris
41%
Rachel Maddow
34.3%
Felicity Huffman
31.2%
Janeane Garofalo
24.7%
Vanessa Redgrave
24.4%
Chloë Sevigny
19.7%

You're not logged in!

Compare scores with friends on all Sporcle quizzes.
OR
Log In

You Might Also Like...

Show Comments

Extras

Top Quizzes Today


Score Distribution

Your Account Isn't Verified!

In order to create a playlist on Sporcle, you need to verify the email address you used during registration. Go to your Sporcle Settings to finish the process.

Report this User

Report this user for behavior that violates our Community Guidelines.

Details: